000 00957pam a2200289 a 4500
001 3324
005 20240229095342.0
020 _a0394805666
040 _aDLC
_cDLC
_dDLC
_beng
050 0 0 _aPZ7.B4483
_b1988
082 0 0 _a813.54
100 1 _aBerenstain, Stan
_d1923-2005.
245 1 4 _aThe Berenstain bears get the gimmies /
_cStan & Jan Berenstain.
260 _aNew York :
_bRandom House,
_c1988
300 _a32 unnumbered pages :
_bcolor illustrations ;
_c21 cm.
490 _aFirst time books
505 _aO
520 _aGran and Gramps come up with a plan to help selfish Brother and Sister Bear get rid of a bad case of the galloping greedy gimmies.
521 _a640
_bLexile
521 _aO
_bRaz-Plus
650 1 _aSelfishness
_xFiction
650 1 _aBehavior
_xFiction
650 1 _aBears
_xFiction
700 1 _aBerenstain, Jan
_d1923-2012.
906 _a7
_bcbc
_corignew
_d1
_eocip
_f19
_gy-gencatlg
942 _2ddc
_cBK
_n0
999 _c3324
_d3324